| 000 | 00668nam a2200277 a 4500 | ||
|---|---|---|---|
| 003 | AR-BaBNM | ||
| 005 | 20251128203748.0 | ||
| 008 | 082120s2002 ||||||||||||||000 | spa|| | ||
| 040 | _cAR-BaBNM | ||
| 100 | 1 | _aKobald, Karl | |
| 245 | 0 | 0 | _aFranz Schubert y su tiempo |
| 250 | _a1ยช ed. | ||
| 260 |
_aBarcelona _bJuventud _c1941 |
||
| 300 | _a240 p. | ||
| 650 | 4 | _aBIOGRAFIAS | |
| 650 | 4 | _aHISTORIA DE LA MUSICA | |
| 650 | 4 | _aMUSICA CLASICA | |
| 650 | 4 | _aMUSICOS | |
| 650 | 4 | _aARTE EUROPEO | |
| 650 | 4 | _aFORMAS MUSICALES | |
| 653 | _aCRITICA MUSICAL | ||
| 655 | _aBIOGRAFIAS | ||
| 700 | 1 |
_aEulate, Carmela _etraductor |
|
| 942 | _cBK | ||
| 998 | _cMARTIN | ||
| 999 |
_c4838 _d4838 |
||